000 02193nam a2200337 a 4500
003 CHAP
005 20230421115447.0
007 ta
008 230322s2017 mx ||||fr|||| 001 0 spa d
020 _a978-607-17-2897-5
040 _amxchpua
_cCHAP
_erda
050 1 0 _aHF5686.C8
_b.G37 2017
082 0 0 _a657.42
_bG37 2017
_220
100 1 _9186493
_aGarcía Hernández, Jesús
245 1 0 _aContabilidad de costos /
_cJesús García Hernández
250 _a1a edición
264 _aMéxico :
_bTrillas,
_c2017
300 _a425 páginas :
_bdiagramas, tablas
336 _2rdacontent
_atexto
_btxt
337 _2rdamedia
_asin medio
_bn
338 _2rdacarrier
_avolumen
_bnc
505 0 _aContabilidad financiera -- Estructura financiera de la entidad industrial -- Sistemas de costos por procesos -- Desperdicios normales y extraordinarios -- Catálogo de cuentas -- Estados financieros básicos
520 2 _aLa presente obra se elaboró de acuerdo con programas vigentes de la asignatura de Contabilidad de Costos de la Universidad Nacional Autónoma de México y del Instituto Politénico Nacional. Sirve como libro de texto al estudiante de la materia y lo capacita, paso a paso, desde los temas más sencillos hasta los más complejos sobre los costos históricos, tanto por órdenes de producción como por procesos, a fin de que conozcan a fondo las características y el mecanismo de ambos sistemas, así como los desperdicios y estados financieros, y que pueda aplicarlos y manejarlos eficientemente en la práctica. Para el docente constituye una guía, ya que cada tema tratado está ampliamente desarrollado y analizado desde los ángulos más diversos; además, tiene un carácter flexible que permite su expansión o contracción en clase, en la medida en que el profesor lo estime pertinente. Por último, esta obra representa una fuente de consulta para el profesional interesado en ahondar en la materia.
650 1 7 _927421
_aContabilidad
650 1 3 _9186494
_aPlanificación financiera
650 1 3 _9157891
_aControl de costos
650 1 0 _aFinancial planning
_9186496
650 1 3 _9154623
_aAccounting
650 1 3 _9186498
_aCost control
942 _2ddc
_cLibro
999 _c218567
_d218567